Solidaridad : Organo del Sindicato de Trabajadores Electricistas de la República Mexicana : número 36, tercera época, enero 15, 1971 /

Guardado en:
Detalles Bibliográficos
Autor corporativo: Sindicato de Trabajadores Electricistas de la República Mexicana
Otros autores: Galván, Rafael (dirección) (dirección), Martínez de la Vega, Francisco (dirección) (dirección), Peña, Rodolfo F. (dirección) (dirección)
Formato: Libro
Idioma:Español
Publicado: México : Sindicato de Trabajadores Electricistas de la República Mexicana, 1971
Colección:(Solidaridad. Organo del Sindicato de Trabajadores Electricistas de la República Mexicana ; 3/36)
(Solidaridad. Organo del Sindicato de Trabajadores Electricistas de la República Mexicana ; 3/37)
(Solidaridad. Organo del Sindicato de Trabajadores Electricistas de la República Mexicana ; 3/38)
(Solidaridad. Organo del Sindicato de Trabajadores Electricistas de la República Mexicana ; 3/39)
(Solidaridad. Organo del Sindicato de Trabajadores Electricistas de la República Mexicana ; 3/40)
(Solidaridad. Organo del Sindicato de Trabajadores Electricistas de la República Mexicana ; 3/41)
(Solidaridad. Organo del Sindicato de Trabajadores Electricistas de la República Mexicana ; 3/42)
(Solidaridad. Organo del Sindicato de Trabajadores Electricistas de la República Mexicana ; 3/43)
(Solidaridad. Organo del Sindicato de Trabajadores Electricistas de la República Mexicana ; 3/44)
(Solidaridad. Organo del Sindicato de Trabajadores Electricistas de la República Mexicana ; 3/45)
(Solidaridad. Organo del Sindicato de Trabajadores Electricistas de la República Mexicana ; 3/46)
(Solidaridad. Organo del Sindicato de Trabajadores Electricistas de la República Mexicana ; 3/47)
Temas:
Etiquetas: Agrega una etiqueta
Sin etiquetas, Sé el primero en etiquetar este registro!

MARC

LEADER 00000nam^a2200000^a^4500
001 000630290
005 20260410000000.0
009 20260410195519.136
037 |a Acervo ITESO - Biblioteca 
041 |a ESP 
082 |a 333. 79320972  |b SOL S. 3 V. 36-47 
110 |a Sindicato de Trabajadores Electricistas de la República Mexicana 
240 1 1 |a [Solidaridad: Organo del Sindicato de Trabajadores Electricistas de la República Mexicana] 
245 1 0 |a Solidaridad :  |b Organo del Sindicato de Trabajadores Electricistas de la República Mexicana : número 36, tercera época, enero 15, 1971 /  |c STERM ; dir. de R. Galván, F. Martínez de la Vega, R.F. Peña. 
264 1 |a México :  |b Sindicato de Trabajadores Electricistas de la República Mexicana,  |c 1971 
300 |a [544] p. 
336 |a texto  |b txt  |2 rdacontenido 
337 |a sin mediación  |b n  |2 rdamedio 
338 |a volumen  |b nc  |2 rdasoporte 
440 1 |a (Solidaridad. Organo del Sindicato de Trabajadores Electricistas de la República Mexicana ;  |v 3/36) 
440 1 |a (Solidaridad. Organo del Sindicato de Trabajadores Electricistas de la República Mexicana ;  |v 3/37) 
440 1 |a (Solidaridad. Organo del Sindicato de Trabajadores Electricistas de la República Mexicana ;  |v 3/38) 
440 1 |a (Solidaridad. Organo del Sindicato de Trabajadores Electricistas de la República Mexicana ;  |v 3/39) 
440 1 |a (Solidaridad. Organo del Sindicato de Trabajadores Electricistas de la República Mexicana ;  |v 3/40) 
440 1 |a (Solidaridad. Organo del Sindicato de Trabajadores Electricistas de la República Mexicana ;  |v 3/41) 
440 1 |a (Solidaridad. Organo del Sindicato de Trabajadores Electricistas de la República Mexicana ;  |v 3/42) 
440 1 |a (Solidaridad. Organo del Sindicato de Trabajadores Electricistas de la República Mexicana ;  |v 3/43) 
440 1 |a (Solidaridad. Organo del Sindicato de Trabajadores Electricistas de la República Mexicana ;  |v 3/44) 
440 1 |a (Solidaridad. Organo del Sindicato de Trabajadores Electricistas de la República Mexicana ;  |v 3/45) 
440 1 |a (Solidaridad. Organo del Sindicato de Trabajadores Electricistas de la República Mexicana ;  |v 3/46) 
440 1 |a (Solidaridad. Organo del Sindicato de Trabajadores Electricistas de la República Mexicana ;  |v 3/47) 
501 |a Encuadernación particular 
567 |a Catalogación rápida 
649 |a XX 
650 |a Sindicato de Trabajadores Electricistas de la República Mexicana -  |x Publicaciones Periódicas -  |x Tema Principal 
650 |a Sindicalismo -  |z México -  |x Publicaciones Periódicas -  |x Tema Principal 
650 |a Sindicalismo -  |z México 
650 |a Industria Eléctrica -  |z México -  |x Publicaciones Periódicas -  |x Tema Principal 
650 |a Industria Eléctrica -  |z México 
650 |a Política Energética -  |z México -  |x Historia -  |y 1970-1976 
650 |a Política Energética -  |z México -  |x Historia -  |y Siglo XX 
650 |a Política -  |z México -  |x Historia -  |y 1970-1976 
650 |a Política -  |z México -  |x Historia -  |y Siglo XX 
650 |a Política -  |x Publicaciones Periódicas Mexicanas 
650 |a Publicaciones Periódicas Mexicanas 
650 |a Publicaciones Periódicas 
700 |a Galván, Rafael  |e (dirección) 
700 |a Martínez de la Vega, Francisco  |e (dirección) 
700 |a Peña, Rodolfo F.  |e (dirección) 
740 0 |a Solidaridad :  |b Organo del Sindicato de Trabajadores Electricistas de la República Mexicana : número 37, tercera época, enero 31, 1971 /  |c STERM ; dir. de R. Galván, F. Martínez de la Vega, R.F. Peña. 
740 0 |a Solidaridad :  |b Organo del Sindicato de Trabajadores Electricistas de la República Mexicana : número 38, tercera época, febrero 15, 1971 /  |c STERM ; dir. de R. Galván, F. Martínez de la Vega, R.F. Peña. 
740 0 |a Solidaridad :  |b Organo del Sindicato de Trabajadores Electricistas de la República Mexicana : número 39, tercera época, febrero 28, 1971 /  |c STERM ; dir. de R. Galván, F. Martínez de la Vega, R.F. Peña. 
740 0 |a Solidaridad :  |b Organo del Sindicato de Trabajadores Electricistas de la República Mexicana : número 40, tercera época, marzo 15, 1971 /  |c STERM ; dir. de R. Galván, F. Martínez de la Vega, R.F. Peña. 
740 0 |a Solidaridad :  |b Organo del Sindicato de Trabajadores Electricistas de la República Mexicana : número 41, tercera época, marzo 31, 1971 /  |c STERM ; dir. de R. Galván, F. Martínez de la Vega, R.F. Peña. 
740 0 |a Solidaridad :  |b Organo del Sindicato de Trabajadores Electricistas de la República Mexicana : número 42, tercera época, abril 15, 1971 /  |c STERM ; dir. de R. Galván, F. Martínez de la Vega, R.F. Peña. 
740 0 |a Solidaridad :  |b Organo del Sindicato de Trabajadores Electricistas de la República Mexicana : número 43, tercera época, abril 30, 1971 /  |c STERM ; dir. de R. Galván, F. Martínez de la Vega, R.F. Peña. 
740 0 |a Solidaridad :  |b Organo del Sindicato de Trabajadores Electricistas de la República Mexicana : número 44, tercera época, mayo 15, 1971 /  |c STERM ; dir. de R. Galván, F. Martínez de la Vega, R.F. Peña. 
740 0 |a Solidaridad :  |b Organo del Sindicato de Trabajadores Electricistas de la República Mexicana : número 45, tercera época, mayo 31, 1971 /  |c STERM ; dir. de R. Galván, F. Martínez de la Vega, R.F. Peña. 
740 0 |a Solidaridad :  |b Organo del Sindicato de Trabajadores Electricistas de la República Mexicana : número 46, tercera época, junio 15, 1971 /  |c STERM ; dir. de R. Galván, F. Martínez de la Vega, R.F. Peña. 
740 0 |a Solidaridad :  |b Organo del Sindicato de Trabajadores Electricistas de la República Mexicana : número 47, tercera época, junio 30, 1971 /  |c STERM ; dir. de R. Galván, F. Martínez de la Vega, R.F. Peña. 
910 |a Fondo Castillo-Martínez 
920 |a Impresos - Libros 
930 |a Fondos Especiales 
905 |a 127 
901 |a 630290-10  |b IT2  |c ESP  |i D128739  |u 20260410 
902 |a https://opac.biblio.iteso.mx/vufind/Record/000630290